| 000 | 00670nam a2200241Ia 4500 | ||
|---|---|---|---|
| 003 | OSt | ||
| 005 | 20220918174710.0 | ||
| 006 | a|||||r|||| 00| 0 | ||
| 007 | ta | ||
| 008 | 220917b |||||||| |||| 00| 0 eng d | ||
| 024 | _a13,723 | ||
| 037 | _cTextual | ||
| 040 |
_aARTS _cARTS _beng |
||
| 041 |
_2eng _aeng |
||
| 082 | _aNR44,L,91, L7 | ||
| 100 |
_aKuppuswamy Gowri Ed. _951430 |
||
| 245 | 0 |
_aPallaki seva prabandha _b A musical opera of king Shahaji |
|
| 260 |
_aMysore _bGeetha Book House _c1977 |
||
| 300 |
_ax,101p tables _ccm. |
||
| 650 | _aARTS | ||
| 942 |
_hNR44,L,91, L7 _cTEXL _2CC |
||
| 999 |
_c154328 _d154328 |
||